<?xml version="1.0" encoding="UTF-8"?>
<marc:record xmlns:marc="http://www.loc.gov/MARC21/slim">
   <marc:leader>00000nam a2200000 a 4500</marc:leader>
   <marc:datafield ind1="0" ind2="0" tag="245">
      <marc:subfield code="a">Ludo Prinzessinnen</marc:subfield>
   </marc:datafield>
   <marc:datafield ind1=" " ind2="1" tag="264">
      <marc:subfield code="b">Legler</marc:subfield>
   </marc:datafield>
   <marc:datafield ind1="1" ind2=" " tag="520">
      <marc:subfield code="a">Der Klassiker unter den Gesellschaftsspielen mit den beliebten Disney Prinzessinnen! Die Spieler erleben mit Cinderella, Rapunzel, Dornröschen und Arielle ein spannendes Wettrennen. Wer würfelt seine Lieblingsprinzessinnen als Erster ins Ziel und gewinnt? Ein bezaubernder Spielspaß für alle Freunde der Disney Prinzessinnen.</marc:subfield>
   </marc:datafield>
   <marc:datafield ind1="3" ind2=" " tag="024">
      <marc:subfield code="a">4020972111050</marc:subfield>
   </marc:datafield>
</marc:record>
